Statistics for Chicago Bulls Quiz

Click here to take the quiz!

General Stats

  • This quiz has been taken 396 times
  • The average score is 4 of 7

Answer Stats

HintAnswer% Correct
When was Derrick Rose drafted?2008
98%
What is Jimmy Butlers height?6"7
88%
Who wore number 23 on the Bulls?Michael Jordan
80%
Who on the Bulls 2016-17 roster was homeless at 13 Y.O?Jimmy Butler
61%
Who wore the now retired #10 on the Bulls?Bob Love
26%
What is Jimmy Butlers' nickname?Jimmy G. Buckets
14%
Who was traded for Doug Mcdermott and Taj Gibson?Joffery Lauvergne Cameron Payne Anthony Morrow
1%

Score Distribution

Percentile by Number Answered

Percent of People with Each Score

Your Score History

You have not taken this quiz